00382pab a2200145 454500008004000000100001700040245006900057260000900126300001300135362001100148650001900159700001800178700002100196773001900217180718b2002 xxu||||| |||| 00| 0 eng d aForrer, John aPrivate finance initiative: a better public-private partnership? c2002 ap.43-47. aSummer aPrivate sector aZhang, Zhibin aKee, James Edwin aPublic Manager